书目信息 |
| 题名: |
汉法常用生活词汇
|
|
| 作者: | 陈荣生 编 | |
| 分册: | ||
| 出版信息: | 北京 商务印书馆 1979 |
|
| 页数: | 535页 | |
| 开本: | 13cm | |
| 丛书名: | ||
| 单 册: | ||
| 中图分类: | H136.1 | |
| 科图分类: | ||
| 主题词: | 汉语--语义 , 汉语--语义学 , 汉语--词汇 , 训诂 | |
| 电子资源: | ||
| ISBN: | ||
| 000 | 00680nam0 2200265 45 | |
| 001 | 0179001499 | |
| 005 | 20040420150547.8 | |
| 010 | @b塑精装@dCNY1.10 | |
| 091 | @a9017.855 | |
| 100 | @a19950718d1979 em y0chiy0121 ea | |
| 101 | 0 | @achi@afre |
| 102 | @aCN@b110000 | |
| 105 | @ay e 000yy | |
| 106 | @ar | |
| 200 | 10 | @a汉法常用生活词汇@Ahan fa chang yong sheng huo ci hui@f陈荣生编 |
| 210 | @a北京@c商务印书馆@d1979 | |
| 215 | @a535页@d13cm | |
| 606 | 0 | @a汉语@x语义 |
| 606 | 0 | @a汉语@x语义学 |
| 606 | 0 | @a汉语@x词汇 |
| 606 | 0 | @a训诂 |
| 690 | @aH136.1 | |
| 701 | 0 | @a陈荣生@Achen rong sheng@4编 |
| 801 | 0 | @aCN@bNLC@c20040420 |
| 905 | @dH136.1@e16@b48272-273@f2 | |
| 汉法常用生活词汇/陈荣生编.-北京:商务印书馆,1979 |
| 535页;13cm |
| ISBN (塑精装):CNY1.10 |
| ● |
| 相关链接 |
|
|
|
|
正题名:汉法常用生活词汇
索取号:H136.1/16
 
预约/预借
| 序号 | 登录号 | 条形码 | 馆藏地/架位号 | 状态 | 备注 |
| 1 | 0048272 | 000835458 | 第四借阅区/ [索取号:H136.1/16] | 在馆 | |
| 2 | 0048273 | 000835403 | 第二样本阅览室/ [索取号:H136.1/16] | 在馆 |